'Backflip' (Green Eggs and Ham Theme Song) Lyrics Quiz - Statistics

General Stats
  • This quiz has been taken 4 times
  • The average score is 256 of 277
Answer Stats
Lyrics % Correct
a
100%
backflip
100%
Backflip
100%
do
100%
do-o-o
100%
even
100%
fight
100%
guitar
100%
Hey,
100%
If
100%
(If
100%
in
100%
June
100%
knew
100%
knew)
100%
Let
100%
(Let
100%
let
100%
magic
100%
man
100%
me
100%
me,
100%
me)
100%
my
100%
new
100%
New
100%
only
100%
or
100%
pancakes
100%
player
100%
snowball
100%
something
100%
Start
100%
waffles
100%
Watch
100%
work
100%
you
100%
You
100%
advice
75%
an
75%
and
75%
any
75%
But
75%
changed
75%
Check
75%
creator
75%
dance
75%
freak
75%
game
75%
got
75%
grain
75%
has
75%
how
75%
huh
75%
it
75%
it's
75%
kinda
75%
know
75%
laugh
75%
learn
75%
left
75%
Let's
75%
lot
75%
nice
75%
number
75%
of
75%
one
75%
Ooh
75%
ooh
75%
Ooh,
75%
papers,
75%
put
75%
rains
75%
right
75%
salt
75%
skater
75%
speed
75%
still
75%
take
75%
Tha
75%
the
75%
think
75%
to
75%
uh
75%
We
75%
We'll
75%
what
75%
when
75%
Whether
75%
whole
75%
with
75%
York's
75%
You'd
75%
your
75%
you're
75%
add
50%
cut
50%
fly
50%
flag
25%
No matching quizzes found
Score Distribution
Percent of People with Each Score
Percentile by Number Answered
Your Score History
You have not taken this quiz